000 00230nam a2200097Ia 4500
008 120527s9999 xx 000 0 und d
100 _aCoaldrake W. H.
245 _aThe way of the carpenter.
260 _bWeather hill
942 _cBK
999 _c15181
_d15181